000 00450nam a2200193Ia 4500
003 OSt
005 20230518100411.0
008 210210b1971 xxu||||| |||| 00| 0 eng d
040 _cAL
041 _aFrench
082 _a823.7 HUGL
100 _aHUGO (Victor).
_9107667
245 _aLes Miserables.
260 _aLondon
_bMacmillan & Co. Ltd.
_c1971
300 _a143
690 _aEnglish Fiction
_9107668
906 _a030522
942 _2ddc
_cBK
999 _c81656
_d81656